000 00835nam a2200205Ii 4500
003 JO-AjNU
008 230605s9999||||xx |||||||||||||| ||und||
017 _a1985/1092
040 _aJO-AjNU
_bara
_erda
_cJO-AjNU
041 _aara
050 1 4 _aHJ139 .S4212 1985
100 3 _aتاليف: سيدون، ادموند ؛ تعريب: معن عبد القادر آل زكر، عادل فليح العلي,
_eauthor
_918310
245 0 0 _aاقتصاديات المالية العامة
264 3 1 _aالموصل: وزارة التعليم العالي، جامعة الموصل، 1985
300 _a252ص
_bيحتوي على مصطلحات اقتصادية من ص 249-252ص
336 _atext
_btxt
_2rdacontent
337 _aunmediated
_bn
_2rdamedia
338 _avolume
_bnc
_2rdacarrier
650 4 _aالمالية العامة
_918311
999 _aA5832
_c9400
_d9400